00907cam a2200265 i 45000010009000000050017000090080041000260100017000670200018000840410008001020420008001100820014001181000019001322450073001512600042002242640042002663000033003083360026003413370028003673380027003955000020004226500025004426500016004677760158004832081537020250417095303.0190118s2019 nju 001 0 eng  a 2018061444 a9781119566281 aeng apcc00a650.1 MAS1 aMason, Damian,10aDo Business Better :Traits, Habits, and Actions to Help You Succeed  aNew jerseybJohn Wiley and Sonsc2019 1aHoboken, New Jersey :bWiley,c[2019] axiv, 241 pages ;24 cmc24 cm atextbtxt2rdacontent aunmediatedbn2rdamedia avolumebnc2rdacarrier aIncludes index. 0aSuccess in business. 0aManagement.08iOnline version:aMason, Damian, 1969- author.tDo business betterdHoboken, New Jersey : John Wiley & Sons, Inc., [2019]z9781119566298w(DLC) 2019003661